书目信息 |
| 题名: |
搬字垒句
|
|
| 作者: | 王长虹 著 | |
| 分册: | ||
| 出版信息: | 北京 中国工人出版社 2000 |
|
| 页数: | 305页 | |
| 开本: | 20cm | |
| 丛书名: | 《写在课堂边上》丛书 | |
| 单 册: | ||
| 中图分类: | I106.2 | |
| 科图分类: | ||
| 主题词: | 诗歌-文学评论--世界--青年读物 , 文学评论-诗歌--世界--青年读物 | |
| 电子资源: | ||
| ISBN: | 7-5008-2341-X | |
| 000 | 00756oam2 2200253 45 | |
| 001 | 012000027709 | |
| 005 | 20050315142109.4 | |
| 010 | @a7-5008-2341-X@dCNY15.50 | |
| 100 | @a20000626d2000 em y0chiy0121 ea | |
| 101 | 0 | @achi |
| 102 | @aCN@b110000 | |
| 105 | @af z 000yy | |
| 200 | 1 | @a搬字垒句@Aban zi lei ju@e诗人与诗作@f王长虹著@FWang Chang Hong Zhu |
| 210 | @a北京@c中国工人出版社@d2000 | |
| 215 | @a305页@c插图@d20cm | |
| 225 | 2 | @a《写在课堂边上》丛书 |
| 410 | 0 | @12001 @a写在课堂边上丛书 |
| 517 | 1 | @a诗人与诗作@Ashi ren yu shi zuo |
| 606 | @a诗歌-文学评论@y世界@x青年读物 | |
| 606 | @a文学评论-诗歌@y世界@x青年读物 | |
| 690 | @aI106.2@v4 | |
| 701 | 0 | @a王长虹@4著 |
| 801 | 0 | @aCN@bNLC@c20000703 |
| 905 | @f4@b344545-548@dI106.2@e115 | |
| 搬字垒句:诗人与诗作/王长虹著.-北京:中国工人出版社,2000 |
| 305页:插图;20cm.-(《写在课堂边上》丛书) |
| ISBN 7-5008-2341-X:CNY15.50 |
| ● |
| 相关链接 |
|
|
|
|
正题名:搬字垒句
索取号:I106.2/115
 
预约/预借
| 序号 | 登录号 | 条形码 | 馆藏地/架位号 | 状态 | 备注 |
| 1 | 0344545 | 203445450 | 第一样本阅览室/ [索取号:I106.2/115] | 在馆 | |
| 2 | 0344546 | 203445469 | 第二借阅区/ [索取号:I106.2/115] | 在馆 | |
| 3 | 0344547 | 203445478 | 第二借阅区/ [索取号:I106.2/115] | 在馆 | |
| 4 | 0344548 | 203445487 | 第二借阅区/ [索取号:I106.2/115] | 在馆 |